Advances in solar energy technology :proceedings of the Biennial Congress of the International Solar Energy Society, Hamburg, Federal Republic of Germany, 13-18 September 1987 (Record no. 157299)
[ view plain ]
| 000 -LEADER | |
|---|---|
| fixed length control field | 00880nam a2200253 a 4500 |
| 008 - FIXED-LENGTH DATA ELEMENTS--GENERAL INFORMATION | |
| fixed length control field | |
| 020 ## - INTERNATIONAL STANDARD BOOK NUMBER | |
| International Standard Book Number | 0080343155 (pbk.) |
| 049 ## - LOCAL HOLDINGS (OCLC) | |
| Holding library | MAIN |
| 090 ## - LOCALLY ASSIGNED LC-TYPE CALL NUMBER (OCLC); LOCAL CALL NUMBER (RLIN) | |
| Classification number (OCLC) (R) ; Classification number, CALL (RLIN) (NR) | TJ809.2 |
| Local cutter number (OCLC) ; Book number/undivided call number, CALL (RLIN) | ADV |
| 003 - CONTROL NUMBER IDENTIFIER | |
| control field | |
| 005 - DATE AND TIME OF LATEST TRANSACTION | |
| control field | 20250107161133.0 |
| 040 ## - CATALOGING SOURCE | |
| Transcribing agency | NUST |
| 110 2# - MAIN ENTRY--CORPORATE NAME | |
| Corporate name or jurisdiction name as entry element | International Solar Energy Society. |
| 245 10 - TITLE STATEMENT | |
| Title | Advances in solar energy technology :proceedings of the Biennial Congress of the International Solar Energy Society, Hamburg, Federal Republic of Germany, 13-18 September 1987 |
| 260 ## - PUBLICATION, DISTRIBUTION, ETC. | |
| Place of publication, distribution, etc. | Oxford : |
| Name of publisher, distributor, etc. | Pergamon Press, |
| Date of publication, distribution, etc. | 1988. |
| 300 ## - PHYSICAL DESCRIPTION | |
| Extent | 4 v. xxviii, 3998 p. : |
| Other physical details | ill. ; |
| Dimensions | 24 cm. |
| 500 ## - GENERAL NOTE | |
| General note | Includes index. |
| 504 ## - BIBLIOGRAPHY, ETC. NOTE | |
| Bibliography, etc. note | Includes bibliographical references. |
| 650 #0 - SUBJECT ADDED ENTRY--TOPICAL TERM | |
| Topical term or geographic name entry element | Solar energy |
| Form subdivision | Congresses. |
| 700 1# - ADDED ENTRY--PERSONAL NAME | |
| Personal name | Bloss, W.H. |
| 700 1# - ADDED ENTRY--PERSONAL NAME | |
| Personal name | Pfisterer, F. |
| 907 ## - LOCAL DATA ELEMENT G, LDG (RLIN) | |
| a | .b10138353 |
| b | 13-02-13 |
| c | 11-10-04 |
| 942 ## - ADDED ENTRY ELEMENTS (KOHA) | |
| Koha item type | Ordinary Loan Books |
| Call number prefix | TJ809.2 |
| Call number suffix | ADV |
| Koha issues (borrowed), all copies | 1 |
| Date last seen | Total Checkouts | Full call number | Barcode | Date last checked out | Cost, replacement price | Price effective from | Koha item type | Lost status | Source of classification or shelving scheme | Damaged status | Not for loan | Collection | Withdrawn status | Home library | Current library | Shelving location | Date acquired | Cost, normal purchase price |
|---|---|---|---|---|---|---|---|---|---|---|---|---|---|---|---|---|---|---|
| 01/23/2025 | 8 | TJ809.2 INT | 92003016337 | 01/07/2025 | 80.00 | 01/23/2023 | BOOKS | LCC | NFIC | MAIN | MAIN | GEN | 01/23/2023 | 80.00 |